| 000 | 00355nam a2200145 a 4500 | ||
|---|---|---|---|
| 001 | 3475 | ||
| 003 | CDMR | ||
| 005 | 20130116135244.0 | ||
| 008 | 130130s1995||||||||||||||||||||||||||||d | ||
| 040 |
_aCDMR _bcat _cCDMR |
||
| 100 | 1 |
_aCasademunt, Tomàs _92497 |
|
| 245 | 1 | 0 |
_aSon de Cuba _cCASADEMUNT, Tomàs |
| 260 |
_aBarcelona _c1995 _bFocal, A.C. |
||
| 942 | _cMON | ||
| 999 |
_c3475 _d3475 |
||